00281nam a2200109Ia 4500008004100000020001800041100001500059245003500074250001100109260003700120300001400157180116s9999 xx 000 0 und d a9780071834582 aSaia, D.A. cD. A. SaiaaRadiography PREP / a8th ed aUSAbMcGraw-Hill Educationc2015 a574 pages